Statistics for Novels from Terry Pratchett's Discworld Series

Click here to take the quiz!

General Stats

  • This quiz has been taken 1,592 times
    (1,335 since last reset)
  • The average score is 25 of 41

Answer Stats

HintAnswer% Correct
Rincewind (1983)The Colour of Magic
96%
Death (1987)Mort
92%
The City Watch (1989)Guards! Guards!
87%
Rincewind (1986)The Light Fantastic
85%
Moist von Lipwig (2004)Going Postal
76%
Discworld: Djelibeybi (1989)Pyramids
76%
Death, Susan, The Wizards (1996)Hogfather
75%
Discworld: Holy Wood (1990)Moving Pictures
75%
The Witches, The Wizards (1987)Equal Rites
71%
The City Watch, The Monks (2002)Night Watch
69%
Discworld: Omnia, The Monks (1992)Small Gods
67%
The Witches (1991)Witches Abroad
67%
The Witches (1988)Wyrd Sisters
66%
The City Watch (2005)Thud!
65%
Death, The Wizards (1991)Reaper Man
64%
Death, Susan, The Wizards (1994)Soul Music
64%
Tiffany Aching (2003) - Young Adult -The Wee Free Men
63%
Rincewind (1990)Eric
62%
Rincewind, The Wizards (1988)Sourcery
62%
The City Watch (1997)Jingo
61%
Moist von Lipwig (2007)Making Money
61%
The City Watch (1996)Feet of Clay
60%
The City Watch (1999)The Fifth Elephant
59%
Death, Susan, The Monks (2001)Thief of Time
59%
The Witches, The Wizards (1992)Lords and Ladies
56%
Moist von Lipwig, The City Watch (2013)Raising Steam
54%
Rincewind, The Wizards (1998)The Last Continent
54%
Ankh-Morpork City Times, The City Watch (2000)The Truth
54%
The City Watch (1993)Men at Arms
53%
The Witches (1998)Carpe Jugulum
52%
Discworld: Borogravia, The City Watch (2003)Monstrous Regiment
52%
Rincewind, The Wizard (1994)Interesting Times
51%
Tiffany Aching, The Witches (2010) - Young Adult -I Shall Wear Midnight
50%
The Witches (1995)Maskerade
50%
The Wizards, Rincewind (2009)Unseen Academicals
49%
Tiffany Aching, The Witches (2004) - Young Adult -A Hat Full of Sky
48%
The City Watch (Sam Vimes) (2011)Snuff
47%
Tiffany Aching, The Witches (2006) - Young Adult -Wintersmith
44%
Discworld: Uberwald (2001) - Young Adult -The Amazing Maurice and His Educated Rodents
42%
Tiffany Aching (2015) - Young Adult -The Shepherd's Crown
40%
Rincewind, The Wizards, The City Watch (2001)The Last Hero
36%

Score Distribution

Percentile by Number Answered

Percent of People with Each Score

Your Score History

You have not taken this quiz since the last reset